| 000 | 00882nam a2200277 a 4500 | ||
|---|---|---|---|
| 001 | 60116 | ||
| 003 | BD-RjUL | ||
| 005 | 20211209080815.0 | ||
| 008 | 161228s1975 ilu b 001 0 eng | ||
| 020 | _a0030894077 | ||
| 035 | _a(BD-RjUL) 60240 | ||
| 040 |
_aDLC _cDLC _dDLC _dBD-RjUL _beng |
||
| 041 | _aeng | ||
| 082 | 0 | 0 |
_a302 _223 _bLIS 1975 |
| 100 | 1 |
_aLindesmith, Alfred Ray, _d1905- _9178935 |
|
| 245 | 1 | 0 |
_aSocial psychology / _cAlfred R. Lindesmith, Anselm L. Strauss, Norman K. Denzin. |
| 250 | _a4th ed. | ||
| 260 |
_aHinsdale, Ill. : _bDryden Press, _cc1975 |
||
| 300 |
_axiv, 594 p. ; _c24 cm. |
||
| 504 | _aIncludes bibliographies and indexes. | ||
| 650 | 0 |
_aSocial psychology. _9170365 |
|
| 650 | 2 |
_aPsychology, Social. _9178936 |
|
| 700 | 1 |
_aStrauss, Anselm L., _ejoint author. _9178937 |
|
| 700 | 1 |
_aDenzin, Norman K., _ejoint author. _9178938 |
|
| 942 |
_2ddc _cBK |
||
| 999 |
_c60116 _d60116 |
||